| 000 | 00821nac a22002411u 4500 | ||
|---|---|---|---|
| 010 | _a 92007735 | ||
| 020 | _a0080412661 (hc) : | ||
| 082 | 0 | 0 |
_a620.1123 _bBAI |
| 090 |
_c6141 _d6141 |
||
| 100 | _aBai, Yilong. | ||
| 245 | 1 | 0 |
_aAdiabatic shear localization : _boccurrence, theories, and applications / _cY. Bai and B. Dodd. |
| 250 | _a1st ed. | ||
| 260 |
_aOxford ; _aNew York : _bPergamon Press,c.1992. _cc.1992. |
||
| 300 |
_ax, 378 p. : _bill. ; _c24 cm. |
||
| 500 | _aDistributer: Al-Ahram. | ||
| 504 | _aIncludes bibliographical references (p. 358-367) and indexes. | ||
| 511 | _aCatalogued By: Mahitab. | ||
| 650 | 0 | _aDeformations (Mechanics) | |
| 650 | 0 | _aShear (Mechanics) | |
| 650 | 0 | _aPlasticity. | |
| 700 | 1 | _aDodd, Bradley. | |
| 942 |
_cBB _k620.1123BAI |
||
| 999 |
_c6141 _d6141 |
||